|
|
|
|
| LEADER |
00000nam0a2200000 4500 |
| 001 |
311973 |
| 005 |
20231102002435.0 |
| 035 |
|
|
|a (RuTPU)RU\TPU\book\337340
|
| 090 |
|
|
|a 311973
|
| 100 |
|
|
|a 20151215d1965 k y0rusy50 ca
|
| 101 |
0 |
|
|a rus
|
| 102 |
|
|
|a RU
|
| 105 |
|
|
|a a z 001zy
|
| 200 |
1 |
|
|a Фотоэлектрические измерительные устройства в машиностроении
|e [монография]
|f С. Ф. Корндорф
|
| 210 |
|
|
|a Москва
|c Машиностроение
|d 1965
|
| 215 |
|
|
|a 195 с.
|c ил.
|
| 320 |
|
|
|a Библиогр.: с. 188-194.
|
| 606 |
1 |
|
|a Фотоэлементы
|2 stltpush
|3 (RuTPU)RU\TPU\subj\64327
|9 81233
|
| 606 |
1 |
|
|a Машиностроение
|x Технический контроль
|2 stltpush
|3 (RuTPU)RU\TPU\subj\41427
|9 61218
|
| 610 |
1 |
|
|a фотогальванические элементы
|
| 610 |
1 |
|
|a фоторезисторы
|
| 610 |
1 |
|
|a искажения
|
| 610 |
1 |
|
|a шумы
|
| 610 |
1 |
|
|a излучения
|
| 610 |
1 |
|
|a модуляция
|
| 610 |
1 |
|
|a электрические блоки
|
| 610 |
1 |
|
|a импульсы
|
| 610 |
1 |
|
|a преобразования
|
| 610 |
1 |
|
|a схемы
|
| 610 |
1 |
|
|a ошибки
|
| 675 |
|
|
|a 621.383.4
|v 4
|
| 675 |
|
|
|a 621.002:658.562
|v 4
|
| 700 |
|
1 |
|a Корндорф
|b С. Ф.
|g Сергей Фердинандович
|
| 801 |
|
1 |
|a RU
|b 63413507
|c 20151215
|
| 801 |
|
2 |
|a RU
|b 63413507
|c 20221208
|g RCR
|
| 942 |
|
|
|c BK
|